000 00646cam a2200145 4500500
005 20260201161842.0
041 _afre
042 _adc
100 1 0 _aKaplanian, Patrick
_eauthor
245 0 0 _aCatherine Darbo-Peschanski, s. dir., Constructions du temps dans le monde grec ancien. Publié avec le concours de la Fondation Singer-Polignac, Paris, CNRS Éditions, 494 p., 2000, 493 p., bibl., index, fig. (« CNRS Philosophie »)
260 _c2002.
500 _a22
786 0 _nL'Homme | 163 | 3 | 2002-07-01 | p. 245f-310f | 0439-4216
856 4 1 _uhttps://shs.cairn.info/revue-l-homme-2002-3-page-245f?lang=fr&redirect-ssocas=7080
999 _c1643227
_d1643227